[Event "Bergen Radisson SAS m"]
[Site "Bergen"]
[Date "2001.02.09"]
[Round "4"]
[White "Shirov, Alexei"]
[Black "Agdestein, Simen"]
[Result "1-0"]
[WhiteElo "2718"]
[BlackElo "2591"]
[PlyCount "111"]
[EventDate "2001.02.09"]
[Source "ChessBase"]
[SourceDate "2001.05.17"]

1. e4 Nf6 2. e5 Nd5 3. d4 d6 4. Nf3 dxe5 5. Nxe5 g6 6. Bc4 c6 7. O-O Bg7 8. Re1 O-O 9. Bb3 Bf5 10. Nd2 Nd7 11. Ndf3 Nxe5 12. Nxe5 a5 13. a4 Qc7 14. c3 Rad8 15. Qf3 Qc8 16. h3 Be6 17. Bd2 c5 18. c4 Nb4 19. d5 Bf5 20. g4 Bd7 21. Bc3 Be8 22. Re3 e6 23. g5 f6 24. gxf6 Rxf6 25. Qe4 Rf5 26. Rae1 h5 27. Nf3 exd5 28. Qxe8+ Rxe8 29. Rxe8+ Qxe8 30. Rxe8+ Kf7 31. Rb8 Bxc3 32. Rxb7+ Kf8 33. Kg2 dxc4 34. Bxc4 Bxb2 35. Be6 Rf6 36. Ng5 Ke8 37. Bd7+ Kd8 38. Ne4 Rf4 39. Nxc5 Ke7 40. Ne6 Rf6 41. Ng5 Bd4 42. f3 Rd6 43. Bb5+ Kf8 44. Bc4 Be3 45. Ne6+ Ke8 46. Bb5+ Nc6 47. Bc4 Nd4 48. Nc7+ Kd8 49. Nd5 Bg5 50. f4 Bh4 51. Rg7 Nf5 52. Rg8+ Kd7 53. Kf3 Nd4+ 54. Ke4 Ne6 55. Bb5+ Rc6 56. Rxg6 1-0

[Event "Isle of Lewis"]
[Site "Isle of Lewis"]
[Date "1995.??.??"]
[Round "6"]
[White "Short, Nigel D"]
[Black "Agdestein, Simen"]
[Result "0-1"]
[WhiteElo "2655"]
[BlackElo "2600"]
[PlyCount "108"]
[EventDate "1995.??.??"]
[Source "ChessBase"]

1. e4 Nf6 2. e5 Nd5 3. d4 d6 4. Nf3 dxe5 5. Nxe5 g6 6. Bc4 c6 7. Bb3 Bg7 8. O-O O-O 9. Re1 a5 10. c3 Bf5 11. h3 Nd7 12. Nf3 N7b6 13. a3 Qc7 14. Nbd2 a4 15. Ba2 c5 16. dxc5 Qxc5 17. Ne4 Bxe4 18. Rxe4 Rfd8 19. Qc2 e6 20. Bg5 Rdc8 21. Rae1 Qa5 22. Qe2 Re8 23. Bd2 Qc5 24. Ne5 Qc7 25. Ng4 Nf6 26. Nxf6+ Bxf6 27. Bb1 Ra5 28. h4 Qc6 29. g3 Be7 30. Bf4 Nd7 31. Bc2 Bc5 32. Bg5 Kg7 33. Qd2 f6 34. Bh6+ Kf7 35. h5 f5 36. Rh4 Nf6 37. hxg6+ hxg6 38. Be3 Bxe3 39. Qxe3 Raa8 40. Bd1 e5 41. Bf3 e4 42. Be2 Rad8 43. Rh6 Rh8 44. Rxh8 Rxh8 45. Rd1 Kg7 46. Qf4 Re8 47. Qd6 e3 48. f3 Qxd6 49. Rxd6 Nh5 50. Rd7+ Kh6 51. Kg2 f4 52. gxf4 Nxf4+ 53. Kf1 Kg5 54. Rxb7 Rh8 0-1

[Event "Tch-NED, NED"]
[Site "?"]
[Date "2001.??.??"]
[Round "5"]
[White "Nijboer, F."]
[Black "Vaganian, R."]
[Result "1/2-1/2"]
[WhiteElo "2575"]
[BlackElo "2640"]
[PlyCount "115"]
[EventDate "2001.??.??"]
[Source "www.chesslib.no"]
[SourceDate "2004.05.04"]

1. e4 Nf6 2. e5 Nd5 3. d4 d6 4. Nf3 dxe5 5. Nxe5 g6 6. Bc4 c6 7. Nd2 Bg7 8. Ndf3 O-O 9. O-O Nd7 10. Nd3 N7b6 11. Bb3 Bg4 12. c3 e6 13. h3 Bxf3 14. Qxf3 Nd7 15. Qg3 a5 16. a4 Re8 17. Re1 Qb6 18. Bc4 Qc7 19. Qxc7 Nxc7 20. Bf4 Rec8 21. Rad1 b5 22. Bb3 Bf8 23. Ra1 Nd5 24. Bg3 Ra7 25. Re2 Rca8 26. f3 Rb7 27. Bf2 Rc7 28. g3 N5b6 29. Kg2 Nxa4 30. Bxa4 bxa4 31. Rxa4 Nb6 32. Ra2 a4 33. f4 Bd6 34. Rc2 Rb7 35. Kf3 f5 36. Ke2 Kf7 37. c4 Nd7 38. c5 Bc7 39. Rc3 Rba7 40. Rca3 Nf6 41. Be1 Ke8 42. b3 Nd5 43. Rxa4 Rxa4 44. Rxa4 Rxa4 45. bxa4 Kd7 46. Nb2 h5 47. Nc4 h4 48. Kf3 hxg3 49. Bxg3 Kc8 50. Nb2 Bd8 51. Bf2 Kb7 52. Nc4 Bf6 53. Be3 Ka6 54. Ke2 Bg7 55. Kd3 Nb4+ 56. Kd2 Nd5 57. Kd3 Nb4+ 58. Kd2 1/2-1/2

[Event "Rostov na Donu"]
[Site "?"]
[Date "1993.??.??"]
[Round "?"]
[White "Psakhis, L."]
[Black "Vaganian, R."]
[Result "1-0"]
[WhiteElo "2575"]
[BlackElo "2615"]
[PlyCount "117"]
[EventDate "1993.??.??"]
[Source "ChessBase"]
[SourceDate "1993.02.01"]

1. e4 Nf6 2. e5 Nd5 3. d4 d6 4. Nf3 dxe5 5. Nxe5 g6 6. Bc4 Be6 7. Bb3 Bg7 8. O-O O-O 9. Nf3 Bg4 10. Nbd2 a5 11. a3 c6 12. h3 Bxf3 13. Nxf3 e6 14. Bg5 Ne7 15. Qd2 Nd7 16. Rfe1 Re8 17. h4 Nf6 18. c3 Qb6 19. Ba2 Nf5 20. h5 c5 21. h6 Bh8 22. Qf4 cxd4 23. g4 Nxg4 24. Qxg4 dxc3 25. bxc3 Bxc3 26. Rab1 Qc5 27. Re2 b5 28. Qf4 Ra6 29. a4 b4 30. Rd1 Rd6 31. Rxd6 Qxd6 32. Qxd6 Nxd6 33. Kg2 Nb7 34. Be3 Rc8 35. Ng5 Nc5 36. Bxc5 Rxc5 37. Ne4 Rc8 38. Nxc3 Rxc3 39. Re5 Kf8 40. Rxa5 b3 41. Bb1 Rc1 42. Be4 f5 43. Ra8+ Ke7 44. Ra7+ Kf6 45. Rxh7 fxe4 46. Rb7 e3 47. fxe3 Rc4 48. a5 Rg4+ 49. Kf3 Rh4 50. a6 Rxh6 51. a7 Rh8 52. Rb8 b2 53. Rxb2 Ra8 54. Ra2 Kg5 55. Ra4 Kf6 56. Ra5 Ke7 57. Kf4 Kd6 58. Kg5 Kc6 59. Kxg6 1-0

[Event "Tal Memorial"]
[Site "Moscow Tal Mem"]
[Date "1993.??.??"]
[Round "?"]
[White "Tiviakov, Sergei"]
[Black "Vaganian, Rafael A"]
[Result "1-0"]
[WhiteElo "2575"]
[BlackElo "2615"]
[PlyCount "65"]
[EventDate "1993.??.??"]
[Source "www.chesslib.no"]
[SourceDate "2004.05.04"]

1. e4 Nf6 2. e5 Nd5 3. d4 d6 4. Nf3 dxe5 5. Nxe5 g6 6. Bc4 c6 7. O-O Bg7 8. Bb3 O-O 9. Nd2 c5 10. Ndf3 cxd4 11. Qxd4 Nc6 12. Nxc6 bxc6 13. Qh4 Bf5 14. Bh6 Bxh6 15. Qxh6 Nf6 16. Rfe1 Qc7 17. Ng5 Rad8 18. Re3 Rd2 19. Rae1 e6 20. h3 Rd4 21. c3 Rd2 22. g4 Bxg4 23. hxg4 Qf4 24. Rf3 Qxg4+ 25. Rg3 Qh5 26. Qxh5 Nxh5 27. Rf3 Ng7 28. Ne4 Rxb2 29. Nf6+ Kh8 30. Re4 Nf5 31. Ra4 Rd8 32. Rxa7 Rdd2 33. Rxf7 1-0

[Event "Degremont GP"]
[Site "Clichy"]
[Date "2004.03.14"]
[Round "3.1"]
[White "David, Alberto"]
[Black "Bauer, Christian"]
[Result "0-1"]
[WhiteElo "2580"]
[BlackElo "2599"]
[PlyCount "71"]
[EventDate "2004.03.13"]
[Source "Roberto Alvarez"]
[SourceDate "2004.03.22"]

1. e4 Nf6 2. e5 Nd5 3. d4 d6 4. Nf3 dxe5 5. Nxe5 c6 6. Be2 Bf5 7. O-O Nd7 8. Bg4 Bxg4 9. Qxg4 e6 10. c4 Nb4 11. Nxd7 Qxd7 12. Qe4 Rd8 13. a3 Na6 14. Be3 Be7 15. Nd2 O-O 16. Nf3 f6 17. Rfe1 Rfe8 18. Bd2 Nc7 19. Ba5 b6 20. Bc3 Bf8 21. Rac1 Rc8 22. h4 h5 23. Re2 Bd6 24. Rcc2 Bf8 25. Red2 b5 26. Ba5 Na6 27. Re2 c5 28. dxc5 Nxc5 29. Qg6 bxc4 30. Qxh5 Nd3 31. Re4 Rc5 32. Qg6 Rxa5 33. Rexc4 Ne5 34. Nxe5 Rxe5 35. Rc7 Bd6 36. g3 0-1

[Event "Manila (ol)"]
[Site "?"]
[Date "1992.??.??"]
[Round "?"]
[White "Christiansen, L."]
[Black "Kengis, E."]
[Result "0-1"]
[WhiteElo "2595"]
[BlackElo "2575"]
[PlyCount "150"]
[EventDate "1992.??.??"]
[Source "ChessBase"]
[SourceDate "1992.06.01"]

1. e4 Nf6 2. e5 Nd5 3. d4 d6 4. Nf3 dxe5 5. Nxe5 g6 6. Bc4 c6 7. O-O Bg7 8. Re1 O-O 9. Bb3 Be6 10. Nd2 Nd7 11. Nef3 Nc7 12. c3 c5 13. Bxe6 Nxe6 14. d5 Nc7 15. Ne4 Nf6 16. c4 Nxe4 17. Rxe4 e6 18. Bg5 f6 19. d6 Ne8 20. Rxe6 fxg5 21. Qd5 Kh8 22. Rae1 Nf6 23. Qxb7 Qb6 24. Re7 Qxb7 25. Rxb7 Rfe8 26. Rxe8+ Rxe8 27. h3 Ne4 28. d7 Rd8 29. Rxa7 Bxb2 30. a4 Nf6 31. Nxg5 Rxd7 32. Rxd7 Nxd7 33. a5 Nb8 34. Ne4 Na6 35. f4 Ba3 36. Nd6 Bb4 37. Nb7 Kg7 38. Kf2 Kf6 39. Kf3 Ke7 40. Ke4 Kd7 41. Kd5 Nc7+ 42. Ke4 Na6 43. Kd5 Kc7 44. Nd6 Bxa5 45. Ne8+ Kd8 46. Nf6 Nc7+ 47. Kd6 Bd2 48. g3 h5 49. Ne4 Be3 50. h4 Bd4 51. Ng5 Bf2 52. Ne4 Be1 53. Ke5 Ke7 54. f5 gxf5 55. Kxf5 Na6 56. Kg6 Ke6 57. Ng5+ Ke7 58. Ne4 Ke6 59. Ng5+ Kd7 60. Ne4 Kc6 61. Kxh5 Nc7 62. Kg6 Ne8 63. h5 Nd6 64. Nxd6 Kxd6 65. g4 Ke6 66. Kg7 Bc3+ 67. Kf8 Kf6 68. Ke8 Bd2 69. Kd7 Ke5 70. Ke7 Be3 71. Kd7 Kd4 72. Ke6 Kxc4 73. Kf6 Kd5 74. g5 c4 75. g6 c3 0-1

[Event "Manila olm LAT-USA"]
[Site "Manila olm LAT-USA"]
[Date "1992.??.??"]
[Round "12"]
[White "Christiansen, Larry M"]
[Black "Kengis, Edvins"]
[Result "0-1"]
[WhiteElo "2595"]
[BlackElo "2575"]
[PlyCount "90"]
[EventDate "1992.??.??"]
[Source "www.chesslib.no"]
[SourceDate "2004.05.04"]

1. e4 Nf6 2. e5 Nd5 3. d4 d6 4. Nf3 dxe5 5. Nxe5 g6 6. Bc4 c6 7. O-O Bg7 8. Re1 O-O 9. Bb3 Be6 10. Nd2 Nd7 11. Nef3 Nc7 12. c3 c5 13. Bxe6 Nxe6 14. d5 Nc7 15. Ne4 Nf6 16. c4 Nxe4 17. Rxe4 e6 18. Bg5 f6 19. d6 Ne8 20. Rxe6 fxg5 21. Qd5 Kh8 22. Rae1 Nf6 23. Qxb7 Qb6 24. Re7 Qxb7 25. Rxb7 Rfe8 26. Rxe8+ Rxe8 27. h3 Ne4 28. d7 Rd8 29. Rxa7 Bxb2 30. a4 Nf6 31. Nxg5 Rxd7 32. Rxd7 Nxd7 33. a5 Nb8 34. Ne4 Na6 35. f4 Ba3 36. Nd6 Bb4 37. Nb7 Kg7 38. Kf2 Kf6 39. Kf3 Ke7 40. Ke4 Kd7 41. Kd5 Nc7+ 42. Ke4 Na6 43. Kd5 Ke7 44. Nd6 Bxa5 45. Nc8+ Kd8 0-1

[Event "1/2 Coupe de France"]
[Site "Senat"]
[Date "2003.05.25"]
[Round "1"]
[White "Palac, Mladen"]
[Black "Bauer, Christian"]
[Result "1/2-1/2"]
[WhiteElo "2587"]
[BlackElo "2582"]
[PlyCount "77"]
[EventDate "2003.05.25"]
[Source "Roberto Alvarez"]
[SourceDate "2003.06.30"]

1. e4 Nf6 2. e5 Nd5 3. d4 d6 4. Nf3 dxe5 5. Nxe5 c6 6. Nd2 Nd7 7. Ndf3 Nxe5 8. Nxe5 Bf5 9. Bd3 Bxd3 10. Nxd3 e6 11. O-O Bd6 12. Qg4 Qf6 13. Bd2 Rd8 14. Rad1 Qg6 15. Qe2 O-O 16. Rfe1 Qf5 17. g3 Be7 18. c3 Rfe8 19. Bc1 Bd6 20. a3 b5 21. Bd2 f6 22. Qe4 Qxe4 23. Rxe4 Kf7 24. Kf1 g5 25. a4 a6 26. Ra1 Ra8 27. Ree1 Nb6 28. axb5 axb5 29. b3 Red8 30. Ke2 Be7 31. h3 h6 32. Rec1 Ke8 33. h4 Kd7 34. Rh1 Nd5 35. hxg5 hxg5 36. Rhc1 Nb6 37. Kd1 Rxa1 38. Rxa1 Ra8 39. Rxa8 1/2-1/2

[Event "Bern op"]
[Site "Bern"]
[Date "1992.??.??"]
[Round "5"]
[White "Rozentalis, Eduardas"]
[Black "Sokolov, Andrei"]
[Result "0-1"]
[WhiteElo "2585"]
[BlackElo "2565"]
[PlyCount "44"]
[EventDate "1992.02.??"]
[Source "ChessBase"]

1. e4 Nf6 2. e5 Nd5 3. d4 d6 4. Nf3 dxe5 5. Nxe5 Nd7 6. Nxf7 Kxf7 7. Qh5+ Ke6 8. c4 N5f6 9. d5+ Kd6 10. Qf7 Ne5 11. Bf4 c5 12. Nc3 a6 13. O-O-O g6 14. Bxe5+ Kxe5 15. d6 Bh6+ 16. Kc2 Qe8 17. Rd5+ Nxd5 18. Qxd5+ Kf6 19. Bd3 exd6 20. Qxd6+ Kf7 21. Ne4 Qc6 22. Qe5 Rd8 0-1

[Event "Platonov mem"]
[Site "Kiev"]
[Date "1995.??.??"]
[Round "8"]
[White "Kruppa, Yuri"]
[Black "Komarov, Dimitri"]
[Result "1/2-1/2"]
[WhiteElo "2570"]
[BlackElo "2575"]
[PlyCount "24"]
[EventDate "1995.??.??"]
[Source "ChessBase"]

1. e4 Nf6 2. e5 Nd5 3. d4 d6 4. Nf3 dxe5 5. Nxe5 Nd7 6. Nf3 c6 7. c4 Nc7 8. Nc3 g6 9. Bg5 Bg7 10. Qd3 Nf6 11. h3 O-O 12. Be3 b5 1/2-1/2

[Event "RUS-chT"]
[Site "Tomsk"]
[Date "2001.05.13"]
[Round "1"]
[White "Dolmatov, Sergey"]
[Black "Tseshkovsky, Vitaly"]
[Result "1/2-1/2"]
[WhiteElo "2587"]
[BlackElo "2555"]
[PlyCount "57"]
[EventDate "2001.05.13"]
[Source "ChessBase"]
[SourceDate "2001.07.03"]

1. e4 Nf6 2. e5 Nd5 3. d4 d6 4. Nf3 dxe5 5. Nxe5 c6 6. Be2 g6 7. c4 Nc7 8. Nc3 Bg7 9. Be3 Nd7 10. f4 O-O 11. O-O Nxe5 12. dxe5 Qxd1 13. Raxd1 f6 14. exf6 exf6 15. Bf3 Re8 16. Kf2 Na6 17. Ne4 f5 18. Nd6 Rd8 19. b3 Bf8 20. Nxc8 Rdxc8 21. g4 fxg4 22. Bxg4 Rc7 23. Bd4 Bc5 24. Bxc5 Nxc5 25. Rfe1 Rf8 26. Kg3 Kg7 27. Re3 Na6 28. c5 Nb4 29. a3 1/2-1/2

[Event "32nd TCh-GRE"]
[Site "Kallithea Chalkidiki"]
[Date "2003.07.08"]
[Round "5"]
[White "Marjanovic, Slavoljub"]
[Black "Macieja, Bartlomiej"]
[Result "1/2-1/2"]
[WhiteElo "2511"]
[BlackElo "2627"]
[PlyCount "53"]
[EventDate "2003.07.04"]
[Source "Roberto Alvarez"]
[SourceDate "2003.07.14"]

1. e4 Nf6 2. e5 Nd5 3. d4 d6 4. Nf3 dxe5 5. Nxe5 c6 6. h3 Nd7 7. Nf3 g6 8. Bc4 Bg7 9. O-O O-O 10. Re1 N7f6 11. Nbd2 a5 12. a4 Bf5 13. Bb3 Qc7 14. Nf1 Rad8 15. Qe2 c5 16. Ng3 cxd4 17. Nxd4 Bd7 18. Bd2 e6 19. Rad1 b6 20. Qf3 Rfe8 21. Nb5 Bxb5 22. axb5 h6 23. c4 Ne7 24. Bf4 Qc5 25. Be3 Qc7 26. Bf4 Qc5 27. Be3 1/2-1/2

[Event "Panam tt"]
[Site "Rio de Janeiro"]
[Date "2003.12.17"]
[Round "4"]
[White "Bruzon Bautista, Lazaro"]
[Black "Lima, Darcy"]
[Result "1/2-1/2"]
[WhiteElo "2614"]
[BlackElo "2519"]
[PlyCount "66"]
[EventDate "2003.12.14"]
[Source "Roberto Alvarez"]
[SourceDate "2003.12.22"]

1. e4 Nf6 2. e5 Nd5 3. d4 d6 4. Nf3 dxe5 5. Nxe5 Nd7 6. Nd3 e6 7. c4 Nb4 8. Nc3 Nxd3+ 9. Bxd3 Be7 10. O-O O-O 11. Be3 g6 12. Qd2 c5 13. Rad1 cxd4 14. Bxd4 e5 15. Be3 Nf6 16. Qe1 Qc7 17. Nb5 Qb8 18. Bf4 Nd7 19. Bc2 Re8 20. Bg3 a6 21. Nc3 b5 22. cxb5 axb5 23. Qe3 b4 24. Nd5 Bc5 25. Qf3 Ra6 26. Bb3 Rf8 27. Bc4 Re6 28. Qe2 Qa7 29. Ne3 Re7 30. Ng4 Bd4 31. Bh4 Ree8 32. Bb5 Re6 33. Bc4 Ba6 1/2-1/2

[Event "Haninge"]
[Site "Haninge"]
[Date "1992.??.??"]
[Round "5"]
[White "Ernst, Thomas"]
[Black "Kengis, Edvins"]
[Result "1/2-1/2"]
[WhiteElo "2535"]
[BlackElo "2575"]
[PlyCount "93"]
[EventDate "1992.05.??"]
[Source "ChessBase"]

1. e4 Nf6 2. e5 Nd5 3. d4 d6 4. Nf3 dxe5 5. Nxe5 g6 6. Bc4 c6 7. O-O Bg7 8. Nd2 O-O 9. Ne4 Bf5 10. Nc5 a5 11. Re1 b6 12. Ncd3 b5 13. Bb3 Bxd3 14. Qxd3 a4 15. Bxd5 Qxd5 16. Bf4 Rd8 17. Nf3 e6 18. Bc7 Rc8 19. Be5 Nd7 20. Bxg7 Kxg7 21. c3 Re8 22. Ne5 f6 23. Nxd7 Qxd7 24. Re3 Rad8 25. Qe2 Qd5 26. a3 Re7 27. Re1 Rde8 28. Re4 Kf7 29. Rh4 Kg8 30. Rf4 e5 31. Re4 Kf7 32. f3 Qd6 33. Qe3 exd4 34. cxd4 f5 35. Re5 c5 36. Rxe7+ Rxe7 37. Qxe7+ Qxe7 38. Rxe7+ Kxe7 39. dxc5 Kd7 40. Kf2 Kc6 41. Ke3 Kxc5 42. Kd3 g5 43. Kc3 b4+ 44. axb4+ Kb5 45. Kd3 Kxb4 46. Kc2 Kc4 47. Kd2 1/2-1/2

[Event "Leeuwarden Open"]
[Site "Leeuwarden NED"]
[Date "1995.??.??"]
[Round "3"]
[White "Stefansson, Hannes H"]
[Black "Komarov, Dimitri"]
[Result "0-1"]
[WhiteElo "2530"]
[BlackElo "2575"]
[PlyCount "94"]
[EventDate "1995.08.??"]
[Source "www.chesslib.no"]
[SourceDate "2004.05.04"]

1. e4 Nf6 2. e5 Nd5 3. d4 d6 4. Nf3 dxe5 5. Nxe5 Nd7 6. Nf3 e6 7. c4 N5f6 8. Nc3 c5 9. Be2 cxd4 10. Qxd4 Bc5 11. Qh4 b6 12. O-O Bb7 13. Bg5 h6 14. Rad1 Rg8 15. Bxf6 gxf6 16. Qxh6 Qe7 17. Qf4 f5 18. Nb5 Rg4 19. Qc7 Nf6 20. g3 Re4 21. Bd3 a6 22. Qxe7+ Kxe7 23. Nc3 Rf4 24. Ne1 Ng4 25. Rd2 Rg8 26. Ng2 Rf3 27. Nh4 Ne5 28. Be2 Rf4 29. Ng2 Rfg4 30. Bxg4 fxg4 31. Ne1 Nxc4 32. Re2 Rd8 33. b3 Nd2 34. Na4 Nxf1 35. Kxf1 Bd4 36. Nb2 Bf3 37. Rc2 Bxb2 38. Rxb2 Rd1 39. Rc2 Kd6 40. Rc3 Ke5 41. Re3+ Kd5 42. Kg1 Be4 43. a3 f5 44. Kf1 Bf3 45. Kg1 Be4 46. Kf1 Kd4 47. b4 Rb1 0-1

[Event "Nordic-ch"]
[Site "Aarhus"]
[Date "2003.09.16"]
[Round "10"]
[White "Stefansson, Hannes"]
[Black "Gausel, Einar"]
[Result "1-0"]
[WhiteElo "2560"]
[BlackElo "2533"]
[PlyCount "63"]
[EventDate "2003.09.06"]
[Source "ChessBase"]
[SourceDate "2004.02.03"]

1. e4 Nf6 2. e5 Nd5 3. d4 d6 4. Nf3 dxe5 5. Nxe5 c6 6. Bd3 Nd7 7. Nxd7 Bxd7 8. O-O g6 9. Re1 Bg7 10. c3 O-O 11. Bg5 Re8 12. Nd2 Qc8 13. Nc4 Bf5 14. Be2 Qc7 15. Bf3 Rad8 16. Qb3 Be6 17. Rxe6 fxe6 18. Re1 b5 19. Ne5 Rf8 20. Bg4 Rd6 21. Nd3 h6 22. Bh4 Kh7 23. Bg3 e5 24. dxe5 Rdd8 25. Nc5 Qb6 26. Ne6 h5 27. Bxh5 gxh5 28. Qc2+ Kh6 29. Bh4 Bf6 30. exf6 exf6 31. Qf5 Rg8 32. Re5 1-0

[Event "Bern"]
[Site "?"]
[Date "1992.??.??"]
[Round "?"]
[White "Gallagher, J."]
[Black "Kengis, E."]
[Result "0-1"]
[WhiteElo "2510"]
[BlackElo "2575"]
[PlyCount "102"]
[EventDate "1992.??.??"]
[Source "ChessBase"]
[SourceDate "1992.02.01"]

1. e4 Nf6 2. e5 Nd5 3. d4 d6 4. Nf3 dxe5 5. Nxe5 g6 6. c4 Nb6 7. Nc3 Bg7 8. Bf4 O-O 9. Be2 a5 10. h4 Nc6 11. Nxc6 bxc6 12. Be5 Bxe5 13. dxe5 Be6 14. b3 Qxd1+ 15. Rxd1 a4 16. Ne4 axb3 17. axb3 Bf5 18. Nc5 Ra5 19. Nd3 Bxd3 20. Bxd3 Rxe5+ 21. Kd2 Nd7 22. Rhe1 Rxe1 23. Rxe1 e5 24. Kc3 f5 25. f3 Kf7 26. Ra1 Ke7 27. Bc2 c5 28. h5 Rf6 29. hxg6 hxg6 30. Ra8 Rf8 31. Ra6 Nb6 32. Ra5 Nd7 33. Ra6 Rf6 34. Ra8 Nf8 35. b4 cxb4+ 36. Kxb4 Rb6+ 37. Kc3 Ne6 38. Rg8 Kf7 39. Rc8 Rd6 40. Rh8 Kg7 41. Re8 Kf6 42. g4 Rd8 43. Rxd8 Nxd8 44. gxf5 gxf5 45. c5 Kg5 46. Kc4 c6 47. Kb4 Ne6 48. Bd1 Kf4 49. Ka5 Nxc5 50. Kb6 Ne6 51. Kxc6 Nd4+ 0-1